Ancient civilizations of Mexico and Central America
Shranjeno v:
| Glavni avtor: | |
|---|---|
| Format: | Knjiga |
| Jezik: | angleščina |
| Izdano: |
Nueva York
American Museum of Natural History
1943
|
| Izdaja: | 3a. ed |
| Serija: | Handbook Series, 3
|
| Teme: | |
| Oznake: |
Označite
Brez oznak, prvi označite!
|
MARC
| LEADER | 00000nam a2200000 a 4500 | ||
|---|---|---|---|
| 001 | UCO0998 | ||
| 003 | CL-VaPUC | ||
| 008 | 000505e19430000US |||||||||||||||||eng|d | ||
| 082 | 0 | 4 | |a 972.01 |b SPI |2 21 |
| 100 | 0 | |a Spinden, Herbert J |e author |9 442714 | |
| 245 | 1 | 0 | |a Ancient civilizations of Mexico and Central America |
| 250 | |a 3a. ed | ||
| 300 | |a 271 p | ||
| 942 | |c BK | ||
| 945 | |d 20000505 00:00:00 |a crobeson | ||
| 260 | |a Nueva York |b American Museum of Natural History |c 1943 | ||
| 650 | 7 | |a HISTORIA MEXICANA |2 CL-VaPUC |9 333909 | |
| 650 | 0 | |a Historia antigua |9 267521 | |
| 650 | 0 | |a Culturas precolombinas |9 408769 | |
| 650 | 0 | |a Civilizaciones antiguas |9 265998 | |
| 650 | 7 | |a MAYAS |2 CL-VaPUC |9 267590 | |
| 650 | 0 | |a Aztecas |9 265930 | |
| 650 | 7 | |a OLMECAS |2 CL-VaPUC |9 442715 | |
| 650 | 7 | |a TOLTECAS |2 CL-VaPUC |9 442716 | |
| 650 | 0 | |a Zapotecas |9 431209 | |
| 651 | 0 | |a México |9 255269 | |
| 651 | 0 | |a América Central |9 255026 | |
| 583 | |a last modification |c 20000505 00:00:00 |k Rodrigo Vera | ||
| 490 | 0 | |a Handbook Series, 3 | |
| 999 | |c 287633 |d 287631 | ||
| 952 | |0 0 |1 0 |4 0 |6 972_010000000000000_SPI_1943 |7 0 |8 X |9 334576 |a BIBHIS |b BIBHIS |d 2019-11-20 |i 1272578 |o 972.01 SPI 1943 |p 1272578 |r 2024-01-30 |w 2019-11-20 |y BK_X |k HIS | ||